| 000 | 00705nam a2200169 a 4500 | ||
|---|---|---|---|
| 003 | 0 | ||
| 005 | 20250626122953.0 | ||
| 008 | 970101s19uu xx 00 eng d | ||
| 050 |
_aPHS RC 451.4.P68 _b.Y37 2004 |
||
| 100 | _aYap, Derby D. | ||
| 245 |
_aA Study on the physical, emotional and spiritual effects of incarceration to prisoners of Dorm 9D3, maximum-security section, new bilibid, prison, Muntinlupa City / _cDerby D. Yap. |
||
| 260 |
_aLas PiƱas City, Philippines : _bSouthville International School and Colleges, _c2004. |
||
| 300 |
_a43 pages : _billustrations ; _c28 cm. |
||
| 650 |
_aImprisonment _xPsychological aspects. |
||
| 650 |
_aPrisoners _zPhilippines _xPsychology. |
||
| 942 |
_2lcc _cPASS |
||
| 999 |
_c97171 _d97171 |
||